| 000 | 00621nam a22001337a 4500 | ||
|---|---|---|---|
| 040 | _cRUA | ||
| 082 | _aAGR KOE 2016 B568 Or.1 | ||
| 100 | _aKOEM SOKUN,កឹម សុគុន្ធ | ||
| 245 | _acomparison of different rates of 15-15-15 fertilizer on tomato (lycopersicom esculentuum),ប្រៀបធៀបកម្រិតជី១៥-១៥-១៥ ខុសៗគ្នាទៅលើដំណាំប៉េងប៉ោះ | ||
| 260 |
_aphnom penh _bRUA _c2016 |
||
| 300 |
_axi;38p; _bill; _c29cm; |
||
| 856 | _uhttps://drive.google.com/file/d/1mn5dNkNosCDVT7ONJyYU48B_2Rvgc0um/view?usp=sharing | ||
| 942 | _cAGR | ||
| 999 |
_c13186 _d13186 |
||